| 000 | 00646nam a2200205 i 4500 | ||
|---|---|---|---|
| 001 | 45500 | ||
| 003 | ES-MaACL | ||
| 005 | 20230906161228.0 | ||
| 007 | t| | ||
| 008 | 030326s1982 sp ||||1| spa d | ||
| 100 | 1 |
_aColl-Vinent, Roberto. _939634 |
|
| 245 | 1 | 0 |
_aProfesionales de la documentación / _cR. Coll-Vinent. |
| 260 |
_a[Barcelona] : _bATE, _c[1982] |
||
| 300 |
_a240 p. ; _c22 cm. |
||
| 490 | 1 | _aTextos de informática y documentación | |
| 650 | 4 |
_aDocumentalistas- _xFormación profesional. _9169820 |
|
| 830 | 0 |
_aTextos de informática y documentación _9182125 |
|
| 852 |
_aES-MaACL _jL-2609 _bR.102872 |
||
| 999 |
_c45500 _d45500 |
||